000 00535nam a2200157 a 4500
008 120416s1970 ||||||||||||||||| || u
020 _a0273314645
050 _aTA 135 Sha
100 _aSharp, Kenneth William Deaumont
245 1 0 _aPractical engineering metrology
250 _a1st metric
260 _aLondon
_bPitman
_c1970
300 _ax, 250p. : ill
350 _a0.00
995 _D0.00
_FCBU-MAIN LIBRARY (Kitwe)
_H1
_I1.00
_M1
_UAVAILABLE
_ZMain Library Open Access Collection
999 _c54233
_d54233